000 00502nam a2200181Ia 4500
999 _c29668
_d29668
003 OSt
005 20201207150825.0
008 190216s9999||||xx |||||||||||||| ||und||
020 _a9788126426577
040 _coclc
082 _a920
_bAZH/A
100 _aAzhikode, Sukumar
_96758
245 0 _aAzheekodinte Athmakadha /
_cSukumar Azheekode
260 _bD C Books,
_c2010.
_aKottayam:
300 _a260p
650 _aAthmakadha
942 _cBK
_2ddc
_h920
_iAZH/A
_k920
_mAZH/A